Normal view MARC view

Entry Uniform Title

Number of records used in: 1

001 - CONTROL NUMBER

  • control field: 32405

003 - CONTROL NUMBER IDENTIFIER

  • control field: dpl

005 - DATE AND TIME OF LATEST TRANSACTION

  • control field: 20110810161824.0

008 - FIXED-LENGTH DATA ELEMENTS

  • fixed length control field: 110810|||a|||||| | ||| d

040 ## - CATALOGING SOURCE

  • Original cataloging agency: dpl
  • Transcribing agency: dpl

130 ## - HEADING--UNIFORM TITLE

  • Uniform title:

670 ## - SOURCE DATA FOUND

  • Source citation: Work cat.: (dpl)55131: त्रिवेदी, प्रणव 32404, नोनो, बर्फ़ का राजा /, 2009

670 ## - SOURCE DATA FOUND

  • Source citation: Work cat.: (dpl)55131: त्रिवेदी, प्रणव 32404, नोनो, बर्फ़ का राजा /, 2009

© Delhi Public Library
Hit Counter
free hit counter